000
00308nam a2200133Ia 4500
008
191206s9999 xx 000 0 und d
020
_a
684803046
090
_a
PS35730583
245
0
_a
American knees
260
_a
Simon & Schuster
260
_c
cc1995
300
_a
240 p. ; 23 cm.
999
_c
15448
_d
15448